00887nam a2200253 i 4500003000900000005001700009006001900026007000300045008004100048020001800089040003000107082001400137100004000151245007800191264004600269300005500315336002700370337003300397338002900430500007500459504004100534600003200575600002600607DO-SdBNP20241021093727.0a||||gr|||| 00| 0 ta240524e2013 dr ac||| |||| 00| e spa d a9789945489620 aDO-SdBNPbspacBNPHUerda 4bA473N2221 aNova, Manuel, d1963 -eautor4aut.10aAnselmo Paulino Álvarez :bel ojo mágico de Trujillo / cManuel Nova. 4aSanto Domingo :bEditora Corripio,c2013. a202 páginas :bilustraciones, retratos ;c23 cm. atextobtxt2rdacontent asin mediaciónbn2rdamedia avolumenbnc2rdacarrierl aIncluye datos biográficos del autor en las solapas de las cubiertas. aBibliografía : páginas 201 - 20214aPaulino Álvarez, Anselmo,14aNova, Manuel d1963 -